000
00294nam a22001337a 4500
008
181012b xxu||||| |||| 00| 0 eng d
020
_a
0517568926
041
_a
eng
080
_a
617
100
_a
6
101
_a
KIR
245
_a
Complete Home Medical Guide
_c
Tapley, D.F
942
_2
udc
_c
BK
999
_c
49524
_d
49524